Départements français en lisière - Statistiques

Statistiques générales
  • Ce quiz a été pris 59 fois
  • Le résultat moyen est 65 sur 75
Statistiques - réponses
Question Tuile Select % Correct
Frontaliers de la Belgique, du Luxembourg ou de l'Allemagne ou non? Drôme Non
100%
Frontaliers de la Belgique, du Luxembourg ou de l'Allemagne ou non? Marne Non
100%
Frontaliers de la Belgique, du Luxembourg ou de l'Allemagne ou non? Sarthe Non
100%
Frontaliers de la Suisse, de l'Italie ou de Monaco ou non ? MAYENNE Non
98%
Frontaliers de la Suisse, de l'Italie ou de Monaco ou non ? NIEVRE Non
98%
En bordure de mer ou d'océan ou non ? ALLIER Non
96%
En bordure de mer ou d'océan ou non ? ALPES-MARITIMES Oui
96%
Frontaliers de l'Espagne ou d'Andorre ou non ? ARDECHE Non
96%
En bordure de mer ou d'océan ou non ? ARDECHE Non
96%
Frontaliers de la Suisse, de l'Italie ou de Monaco ou non ? ARDENNES Non
96%
Frontaliers de la Suisse, de l'Italie ou de Monaco ou non ? ARIEGE Non
96%
En bordure de mer ou d'océan ou non ? CREUSE Non
96%
Frontaliers de l'Espagne ou d'Andorre ou non ? GARD Non
96%
Frontaliers de l'Espagne ou d'Andorre ou non ? GIRONDE Non
96%
Frontaliers de la Belgique, du Luxembourg ou de l'Allemagne ou non? Haute-Marne Non
96%
Frontaliers de l'Espagne ou d'Andorre ou non ? HERAULT Non
96%
En bordure de mer ou d'océan ou non ? INDRE Non
96%
En bordure de mer ou d'océan ou non ? LOIRET Non
96%
En bordure de mer ou d'océan ou non ? NIEVRE Non
96%
En bordure de mer ou d'océan ou non ? VIENNE Non
96%
Frontaliers de la Belgique, du Luxembourg ou de l'Allemagne ou non? Ardennes Oui
95%
Frontaliers de l'Espagne ou d'Andorre ou non ? AUBE Non
95%
En bordure de mer ou d'océan ou non ? COTE-D'OR Non
95%
En bordure de mer ou d'océan ou non ? FINISTERE Oui
95%
Frontaliers de l'Espagne ou d'Andorre ou non ? LOT-ET-GARONNE Non
95%
En bordure de mer ou d'océan ou non ? MANCHE Oui
95%
Frontaliers de la Belgique, du Luxembourg ou de l'Allemagne ou non? Nord Oui
95%
En bordure de mer ou d'océan ou non ? PAS-DE-CALAIS Oui
95%
Frontaliers de la Suisse, de l'Italie ou de Monaco ou non ? SAONE-ET-LOIRE Non
95%
En bordure de mer ou d'océan ou non ? TARN Non
95%
En bordure de mer ou d'océan ou non ? VAR Oui
95%
Frontaliers de la Suisse, de l'Italie ou de Monaco ou non ? ALPES-MARITIMES Oui
93%
Frontaliers de la Suisse, de l'Italie ou de Monaco ou non ? ARDECHE Non
93%
En bordure de mer ou d'océan ou non ? COTES D'ARMOR Oui
93%
Frontaliers de l'Espagne ou d'Andorre ou non ? GERS Non
93%
Frontaliers de l'Espagne ou d'Andorre ou non ? HAUTES-PYRENEES Oui
93%
Frontaliers de l'Espagne ou d'Andorre ou non ? LANDES Non
93%
En bordure de mer ou d'océan ou non ? LANDES Oui
93%
En bordure de mer ou d'océan ou non ? LOIRE-ATLANTIQUE Oui
93%
Frontaliers de l'Espagne ou d'Andorre ou non ? PYRENEES-ORIENTALES Oui
93%
Frontaliers de l'Espagne ou d'Andorre ou non ? TARN Non
93%
En bordure de mer ou d'océan ou non ? VENDEE Oui
93%
En bordure de mer ou d'océan ou non ? AUBE Non
91%
Frontaliers de la Belgique, du Luxembourg ou de l'Allemagne ou non? Bas-Rhin Oui
91%
En bordure de mer ou d'océan ou non ? CALVADOS Oui
91%
En bordure de mer ou d'océan ou non ? CHARENTE Non
91%
Frontaliers de la Belgique, du Luxembourg ou de l'Allemagne ou non? Hautes-Alpes Non
91%
En bordure de mer ou d'océan ou non ? HAUTES-PYRENEES Non
91%
Frontaliers de la Belgique, du Luxembourg ou de l'Allemagne ou non? Savoie Non
91%
Frontaliers de la Suisse, de l'Italie ou de Monaco ou non ? HAUTE-SAVOIE Oui
89%
Frontaliers de la Belgique, du Luxembourg ou de l'Allemagne ou non? Haut-Rhin Oui
89%
En bordure de mer ou d'océan ou non ? HERAULT Oui
89%
En bordure de mer ou d'océan ou non ? NORD Oui
89%
Frontaliers de l'Espagne ou d'Andorre ou non ? PYRENEES-ATLANTIQUES Oui
89%
Frontaliers de la Suisse, de l'Italie ou de Monaco ou non ? SAVOIE Oui
89%
Frontaliers de la Suisse, de l'Italie ou de Monaco ou non ? VOSGES Non
89%
Frontaliers de l'Espagne ou d'Andorre ou non ? AUDE Non
87%
En bordure de mer ou d'océan ou non ? GIRONDE Oui
87%
En bordure de mer ou d'océan ou non ? MORBIHAN Oui
87%
Frontaliers de la Suisse, de l'Italie ou de Monaco ou non ? ALPES DE HAUTE PROVENCE Oui
85%
En bordure de mer ou d'océan ou non ? VAUCLUSE Non
84%
Frontaliers de l'Espagne ou d'Andorre ou non ? ARIEGE Oui
78%
En bordure de mer ou d'océan ou non ? ILLE-ET-VILAINE Oui
78%
Frontaliers de la Suisse, de l'Italie ou de Monaco ou non ? DOUBS Oui
76%
En bordure de mer ou d'océan ou non ? GARD Oui
76%
Frontaliers de l'Espagne ou d'Andorre ou non ? HAUTE-GARONNE Oui
76%
En bordure de mer ou d'océan ou non ? SOMME Oui
76%
Frontaliers de la Suisse, de l'Italie ou de Monaco ou non ? JURA Oui
75%
Frontaliers de la Suisse, de l'Italie ou de Monaco ou non ? ISERE Non
67%
Frontaliers de la Belgique, du Luxembourg ou de l'Allemagne ou non? Pas-de-Calais Non
67%
Frontaliers de la Suisse, de l'Italie ou de Monaco ou non ? TERRITOIRE DE BELFORT Oui
65%
Frontaliers de la Belgique, du Luxembourg ou de l'Allemagne ou non? Aisne Oui
60%
Frontaliers de la Belgique, du Luxembourg ou de l'Allemagne ou non? Jura Oui
25%
Frontaliers de la Belgique, du Luxembourg ou de l'Allemagne ou non? Doubs Oui
24%
Frontaliers de la Belgique, du Luxembourg ou de l'Allemagne ou non? Ain Oui
9%
Aucun quiz correspondant
Distribution des résultats
% des personnes avec chaque résultat
Percentile par nombre de réponses
Votre historique - résultats
Vous n’avez pas pris ce quiz